Statistics for Flags of Countries Bordering France

Click here to take the quiz!

General Stats

  • This quiz has been taken 37 times
  • The average score is 11 of 11

Answer Stats

Answer% Correct
Belgium
100%
Brazil
100%
Germany
100%
Italy
100%
Monaco
100%
Netherlands
100%
Spain
100%
Switzerland
100%
Luxembourg
97%
Andorra
94%
Suriname
94%

Score Distribution

Percentile by Number Answered

Percent of People with Each Score

Your Score History

You have not taken this quiz